| 000 | 00376nam a2200145Ia 4500 | ||
|---|---|---|---|
| 008 | 230917s9999||||xx |||||||||||||| ||und|| | ||
| 040 |
_e217666 _aMAIN |
||
| 041 | _aEnglish | ||
| 082 | _a823.09 M294B:M | ||
| 100 | _aBhattacharya, S | ||
| 245 | 0 | _aManohar Malgonkar: A study of his mind of art | |
| 260 |
_aNew Delhi _bCreative Books _c1994 |
||
| 300 | _a157 p. | ||
| 942 | _cBK | ||
| 999 |
_c77519 _d77519 |
||